000 00646nam a22002057a 4500
005 20251108170558.0
008 250721s9999 xx 000 0 ara d
082 1 4 _aط/ق/سيغ
100 1 _aخشفة، محمد نديم
_eمترجم
245 1 0 _aمذكرات حمار /
264 1 _aدمشق :
_bدار ربيع للنشر،
_c[19-].
300 _a189ص
490 0 _aسلسلة روايات عالمية للناشئة ؛ 4
650 1 7 _aالقصص العربية
650 1 7 _aأدب الأطفال
653 _aناشئون صغار (10-14) سنة
700 1 _aحاج حسين، ذكرى
942 _2ddc
_cBK
999 _c43990
_d43990